Festa de anos surpresa (Registo nº 4582)

Detalhes MARC
000 -Etiqueta do registo
Cabeçalho 00495nam0a2200193 4500
005 - Identificador da versão
Campo de controlo 20240905122021.0
100 ## - Dados gerais de processamento
Dados gerais de processamento 20170302d1992 a y0pory5003 ba
101 1# - Língua de publicação
Língua do texto, banda sonora, etc. Português
Língua do documento no original Inglês
102 ## - Pais de publicação ou produção
País de publicação Portugal
200 1# - Titulo e menção de responsabilidade
Título próprio Festa de anos surpresa
210 ## - Publicação, Distribuição, etc. 
Lugar da edição, distribuição, etc. Montreal
Nome do editor, distribuidor, etc. Tormont
Data da publicação, distribuição, etc. 1992
215 ## - Descrição física 
Indicação específica da natureza do documento e extensão da espécie [10] p.
Outras indicações físicas il. color
225 1# - Colecção 
Título próprio da colecção As aventuras dos ursinhos folgazões
606 ## - Nome comum usado como assunto
Número de registo de entrada de autoridade 0001374
Palavra de ordem Literatura inglesa
Subdivisão de assunto Conto
Código do sistema CA
675 ## - Classificação Decimal Universal (CDU)
Notação 821.111-34
Edição 3ª ed.
Língua da edição por
942 ## - Elementos de entrada adicionados (Koha)
Tipo de item no Koha Livro
966 ## - Identificação da Biblioteca
Sigla EBVEN
Exemplares
Situação do levantamento Origin of item (home branch) (coded) Biblioteca de empréstimo Código de barras Cota Circulation type (not for loan) Tipo de documento Nota do exemplar Damaged status
  Biblioteca Escolar das Vendas Biblioteca Escolar das Vendas BEV552 8EST URS   Livro Sem mensagem